Perriam Ltd v Mr Nicholas Wayne and Mr Martin Daly (Record no. 83160)

MARC details
000 -LEADER
fixed length control field 01350cad a22002175a 4500
001 - CONTROL NUMBER
control field L153006
008 - FIXED-LENGTH DATA ELEMENTS--GENERAL INFORMATION
fixed length control field 110523e20110223xxk 000 0 eng d
035 ## - SYSTEM CONTROL NUMBER
System control number (Sirsi) u153006
041 0# - LANGUAGE CODE
Language code of text/sound track or separate title eng
245 00 - TITLE STATEMENT
Title Perriam Ltd v Mr Nicholas Wayne and Mr Martin Daly
260 ## - PUBLICATION, DISTRIBUTION, ETC.
Date of publication, distribution, etc. 2011
520 ## - SUMMARY, ETC.
Summary, etc. [2011] EWHC 403 (TCC), 23 February 2011. Determines whether the guarantors of a poorly drafted lease had a substantial liability for the repair of windows. Claimant (P), the owner of a converted mill in Leeds sought claims for dilapidations in respect of repairing windows against the defendant guarantors (W and P) of an expired lease in that property . W and P contested their liability. "Held": High Court found for the defendants. The deed of variation entered into by the defendants with effect from 17 November 2007 had the intention to protect the defendants from the repairs.
590 ## - LOCAL NOTE (RLIN)
Local note KA
650 24 - SUBJECT ADDED ENTRY--TOPICAL TERM
Topical term or geographic name entry element PERRIAM LTD V WAYNE AND ANOR
650 24 - SUBJECT ADDED ENTRY--TOPICAL TERM
Topical term or geographic name entry element INVESTORS COMPENSATION SCHEME LTD V WEST BROMWICH BUILDING SOCIETY
650 24 - SUBJECT ADDED ENTRY--TOPICAL TERM
Topical term or geographic name entry element CHARTBROOK LTD AND ANOR V PERSIMMON HOMES LTD AND ANOTHER
651 #4 - SUBJECT ADDED ENTRY--GEOGRAPHIC NAME
Geographic name England and Wales
Chronological subdivision 1543-
690 ## - LOCAL SUBJECT ADDED ENTRY--TOPICAL TERM (OCLC, RLIN)
Topical term or geographic name as entry element PROPERTY-LEASEHOLD PROPERTY-LANDLORD AND TENANT-DILAPIDATIONS
856 40 - ELECTRONIC LOCATION AND ACCESS
Uniform Resource Identifier <a href="https://www.bailii.org/ew/cases/EWHC/TCC/2011/403.htmlzView the law report free of charge at www.bailii.org">https://www.bailii.org/ew/cases/EWHC/TCC/2011/403.htmlzView the law report free of charge at www.bailii.org</a>
942 ## - ADDED ENTRY ELEMENTS (KOHA)
Suppress in OPAC 0
Holdings
Withdrawn status Lost status Source of classification or shelving scheme Damaged status Not for loan Home library Current library Shelving location Date acquired Total Checkouts Full call number Barcode Date last seen Copy number Price effective from Koha item type
    Dewey Decimal Classification     Virtual Virtual Online 23/05/2011   ONLINE PUBLICATION 153006-2001 06/08/2019 1 06/08/2019 Law report